| 000 | 00757nam a2200265 a 4500 | ||
|---|---|---|---|
| 003 | AR-BaBNM | ||
| 005 | 20251128205319.0 | ||
| 008 | 082120s2002 ||||||||||||||000 | spa|| | ||
| 020 | _a987-9018-40-0 | ||
| 040 | _cAR-BaBNM | ||
| 100 | 1 | _aInsúa, Haydeé | |
| 245 | 0 | 0 |
_aLa escuela cambia _ben el 2do ciclo : proyectos EGB |
| 260 |
_aBuenos Aires _bEdiciones Independencia _c[1996] |
||
| 300 |
_a188 p. _bil. |
||
| 650 | 4 | _aPROYECTOS MODELO | |
| 650 | 4 | _aACTIVIDADES DE APRENDIZAJE | |
| 653 | _aEDUCACION GENERAL BASICA | ||
| 653 | _aLEY FEDERAL DE EDUCACION | ||
| 653 | _aCONTENIDOS BASICOS COMUNES | ||
| 653 | _aESTRATEGIAS EDUCATIVAS | ||
| 653 | _aMAPAS CONCEPTUALES | ||
| 700 | 1 | _aGoldaracena, Fernanda | |
| 942 | _cBK | ||
| 998 | _cCARMEN | ||
| 999 |
_c10883 _d10883 |
||